000 00815nam a2200229 a 4500
001 000026974
003 OSt
005 20240410073848.0
008 110328s1973 dr r 000 | spa d
040 _aDO-SdBNP
_bspa
_cBNPHU
082 _a972.9304
_bF633N
_222
100 1 _aNolasco, Sócrates,
_d1884-1980
_922323
245 1 3 _aEl Gral. Pedro Florentino y un momento de la restauración :
_b(Anexos : crítica, documentos )
_cSócrates Nolasco.
260 _aSanto Domingo :
_bEl Caribe,
_c1973
300 _a253p. ;
_c22 cm.
500 _aIncluye referencias bibliográficas y notas al pie de las páginas
590 _aInventariado, 2020/VM
600 1 4 _aFlorentino, Pedro
_d1806?-1864.
_954071
651 0 _aRepública Dominicana --
_xHistoria --
_y1844-1930
_91009
910 _aVMateo /
942 _2ddc
_cLBS1
999 _c49281
_d49281